000 01835nam0a2200313 4500
001 RU\NLR\bibl\1307140
005 20260409064122.0
010 _a978-5-9957-0031-9
_91500
021 _aRU
_b2008-84054
_94902
035 _a(NLR Aleph) 001292644
090 _a569070
_c569070
100 _a20081212d2008 |||y0rusy50 ca
101 0 _arus
102 _aRU
105 _ay |||||||||
200 1 _aВодный кодекс Российской Федерации
_e(Собрание законодательства Российской Федерации, 2006, N° 23, ст. 2381)
_eв редакции Федеральных законов: от 4 декабря 2006 года N° 201-ФЗ (СЗ РФ, 2006, N° 50, ст. 5279); от 19 июня 2007 года N° 102-ФЗ, (СЗ РФ, 2007, N° 26 ст. 3075); от 14 июля 2008 года N° 118-ФЗ (СЗ РФ, 2008, N° 29, ст. 3418); от 23 июля 2008 года N° 160-ФЗ (СЗ РФ, 2008, N° 30, ст. 3616)
_e[принят Государственной Думой 12 апреля 2006 года
_eодобрен Советом Федерации 26 мая 2006 года]
205 _a[9-е изд.
_bновая редакция]
210 _aМосква
_cОсь-89
_d2008
215 _a79 с.
_d21
225 1 _aКодекс
604 _171001$aРоссийская Федерация
_150011$aВодный кодекс$2nlr_sh2$3RU\NLR\AUTH\661263600
_aРоссийская Федерация
_tВодный кодекс
_92087437
_3RU\NLR\AUTH\661263600
686 _aХ625.8-324.9(2Р)
740 1 _aРоссийская Федерация
_tЗаконы
_iВодный кодекс
_3RU\NLR\AUTH\880379501
_9425399
801 0 _aRU
_bNLR
_c20081212
_gRCR
801 1 _aRU
_bNLR
_c20081212
942 _cBOOK
980 _aNB